|
|
|
|
| LEADER |
01078nam a2200265 a 4500 |
| 001 |
5682 |
| 003 |
BD-DhAAL |
| 005 |
20150524100524.0 |
| 008 |
150524s1995 nyua b 001 0 eng |
| 010 |
|
|
|a 94012115
|
| 020 |
|
|
|a 0442011490
|
| 040 |
|
|
|a DLC
|c DLC
|d DLC
|d BD-DhAAL
|
| 050 |
0 |
0 |
|a NC795
|b .S86 1995
|
| 082 |
0 |
0 |
|a 743/.836
|2 20
|
| 100 |
1 |
|
|a Sullivan, Chip.
|9 11347
|
| 245 |
1 |
0 |
|a Drawing the landscape /
|c Chip Sullivan.
|
| 260 |
|
|
|a New York :
|b Van Nostrand Reinhold,
|c c1995.
|
| 300 |
|
|
|a viii, 280 p. :
|b ill. ;
|c 28 cm.
|
| 504 |
|
|
|a Includes bibliographical references (p. 273-276) and index.
|
| 541 |
|
|
|e 5682
|
| 650 |
|
0 |
|a Landscape drawing
|x Technique.
|9 11348
|
| 942 |
|
|
|2 ddc
|c BK
|
| 999 |
|
|
|c 34501
|d 34501
|
| 952 |
|
|
|0 0
|1 0
|2 ddc
|4 0
|6 743_836000000000000_SUL
|7 0
|9 53851
|a SCL
|b SCL
|c GEN
|d 2015-05-24
|e Gift: The Asia Foundation
|l 0
|o 743.836 SUL
|p 3020005682
|r 2015-05-24
|t 1
|w 2015-05-24
|y BK
|
| 952 |
|
|
|0 0
|1 0
|2 ddc
|4 0
|6 743_836000000000000_SUL
|7 0
|9 53852
|a SCL
|b SCL
|c GEN
|d 2015-05-24
|e Gift: The Asia Foundation
|l 5
|m 13
|o 743.836 SUL
|p 3020005675
|r 2025-11-02
|s 2025-10-17
|t 2
|w 2015-05-24
|y BK
|